Bhasar tattva-katha (Record no. 2380)
[ view plain ]
| 000 -LEADER | |
|---|---|
| fixed length control field | 00471cam a2200193ua 4500 |
| 008 - FIXED-LENGTH DATA ELEMENTS--GENERAL INFORMATION | |
| fixed length control field | 110826n ii |||gr||||Z||||||asm |
| 040 ## - CATALOGING SOURCE | |
| Transcribing agency | MAIN |
| 082 ## - DEWEY DECIMAL CLASSIFICATION NUMBER | |
| Classification number | 410 |
| 100 ## - MAIN ENTRY--PERSONAL NAME | |
| Personal name | Padun, Nahendra., |
| Relator term | |
| 245 11 - TITLE STATEMENT | |
| Title | Bhasar tattva-katha |
| Statement of responsibility, etc. | ed. by Nahendra Padun |
| 250 ## - EDITION STATEMENT | |
| Edition statement | 1st ed. |
| 260 ## - PUBLICATION, DISTRIBUTION, ETC. | |
| Place of publication, distribution, etc. | Dibrugarh: |
| Name of publisher, distributor, etc. | Bani mandir, |
| Date of publication, distribution, etc. | 2004. |
| 300 ## - PHYSICAL DESCRIPTION | |
| Extent | .10, 362p. |
| 942 ## - ADDED ENTRY ELEMENTS (KOHA) | |
| Koha item type | Books |
| 653 ## - INDEX TERM--UNCONTROLLED | |
| Uncontrolled term | Language |
| 653 ## - INDEX TERM--UNCONTROLLED | |
| Uncontrolled term | Linguistics |
| 653 ## - INDEX TERM--UNCONTROLLED | |
| Uncontrolled term | Bhasar tattva-katha |
| Withdrawn status | Lost status | Damaged status | Not for loan | Home library | Current library | Shelving location | Date acquired | Total Checkouts | Full call number | Barcode | Date last seen | Date last checked out | Copy number | Price effective from | Koha item type |
|---|---|---|---|---|---|---|---|---|---|---|---|---|---|---|---|
| Central Library, Naharkatiya College | Central Library, Naharkatiya College | General Stacks | 19/09/2020 | 8 | 410 | BHA | 18166 | 09/05/2024 | 29/01/2024 | 3 | 19/09/2020 | Books | ||||
| Central Library, Naharkatiya College | Central Library, Naharkatiya College | General Stacks | 19/09/2020 | 7 | 410 | BHA | 18167 | 13/06/2025 | 13/05/2025 | 2 | 19/09/2020 | Books | ||||
| Central Library, Naharkatiya College | Central Library, Naharkatiya College | General Stacks | 19/09/2020 | 2 | 410 | BHA | 18168 | 22/02/2024 | 19/01/2023 | 1 | 19/09/2020 | Books |
